000
00261nam a22001217a 4500
008
170908b xxu||||| |||| 00| 0 eng d
041
_a
eng
080
_a
91
100
_a
42
101
_a
GEO
245
_a
LANDFORMS LANDSCAPES
_c
BROWN.W
942
_2
udc
_c
BK
999
_c
26830
_d
26830